Un congreso católico con infiltración marxista. Reflexiones a propósito del documento de la Confederación Interamericana de Educación Católica, C. I. E. C., preparado por el Consorcio de Centros Educacionales de la Iglesia de Lima, Perú, con el título de Predocumento del XII Congreso Interamericano de Educación Católica, Lima, enero de 1976, sobre el tema: La escuela cristiana frente al desafío de un mundo en cambio

সংরক্ষণ করুন:
গ্রন্থ-পঞ্জীর বিবরন
প্রধান লেখক: Ruiz Sánchez, Francisco (Author)
বিন্যাস: গ্রন্থ
ভাষা:স্প্যানিশ
প্রকাশিত: Valparaíso Universidad Católica de Valparaíso 1975
সংস্করন:1a. ed
বিষয়গুলি:
ট্যাগগুলো: ট্যাগ যুক্ত করুন
কোনো ট্যাগ নেই, প্রথমজন হিসাবে ট্যাগ করুন!

MARC

LEADER 00000nam a2200000 a 4500
001 UCJ7565
003 CL-VaPUC
008 070124e19751215CL |||||||||||||||||spa|d
082 0 4 |a 370  |b RUI  |2 21 
100 0 |a Ruiz Sánchez, Francisco  |e author  |9 516052 
245 1 3 |a Un congreso católico con infiltración marxista. Reflexiones a propósito del documento de la Confederación Interamericana de Educación Católica, C. I. E. C., preparado por el Consorcio de Centros Educacionales de la Iglesia de Lima, Perú, con el título de Predocumento del XII Congreso Interamericano de Educación Católica, Lima, enero de 1976, sobre el tema: La escuela cristiana frente al desafío de un mundo en cambio 
250 |a 1a. ed 
300 |a 26 p 
942 |c BK 
945 |d 20070124 00:00:00  |a rinostro 
260 |a Valparaíso  |b Universidad Católica de Valparaíso  |c 1975 
650 0 |a Educación Católica   |9 308272 
650 0 |a Archivo histórico PUCV  |9 255554 
650 0 |a Congresos  |9 257560 
650 7 |a MARXISMO  |2 CL-VaPUC  |9 516053 
650 0 |a Filosofía de la educación   |9 258384 
583 |a last modification  |c 20070124 00:00:00  |k Rodrigo Vera 
999 |c 323624  |d 323622 
952 |0 0  |1 0  |4 0  |6 370_000000000000000_RUI_1975  |7 0  |8 X  |9 403384  |a FDOBUD  |b FDOBUD  |d 2019-11-22  |i 1066161  |o 370 RUI 1975  |p 1066161  |r 2019-11-22  |w 2019-11-22  |y BK_X  |k BUD 
952 |0 0  |1 0  |4 0  |6 370_000000000000000_RUI_1975  |7 0  |8 X  |9 403385  |a FDOBUD  |b FDOBUD  |d 2019-11-22  |i 106617K  |o 370 RUI 1975  |p 106617K  |r 2019-11-22  |w 2019-11-22  |y BK_X  |k BUD 
952 |0 0  |1 0  |4 0  |6 370_000000000000000_RUI_1975  |7 0  |8 X  |9 403386  |a FDOBUD  |b FDOBUD  |d 2019-11-22  |i 1066188  |o 370 RUI 1975  |p 1066188  |r 2019-11-22  |w 2019-11-22  |y BK_X  |k BUD